| 000 | 01002nam a2200289 a 4500 | ||
|---|---|---|---|
| 001 | vtls001082815 | ||
| 003 | NLI | ||
| 005 | 20210627123612.0 | ||
| 008 | 120315s2000 ii a s000 0 eng | ||
| 039 | 9 |
_y201203151746 _zEntertech_02 |
|
| 040 |
_aNLI _beng _cEntertech-2011 _eAACR2 |
||
| 041 | 0 | _aeng | |
| 044 | _aii | ||
| 082 | 0 | 4 | _a539.7 |
| 100 | 1 |
_aLawande, Quissan V. _91012079 |
|
| 245 | 1 | 0 |
_aRole of nonlinear-dynamics and chaos in applied Science / _cQuissan V. Lawande and Nirupam Maiti |
| 260 |
_aMumbai : _bBhaba Atomic Research Center, _c2000 |
||
| 300 |
_a106 p. : _bill. ; _c28 cm. |
||
| 610 | 1 | 0 |
_aBhaba Atomic Research Center (Mumbai) _91014671 |
| 700 | 1 |
_aMaiti, Nirupam _4jt. aut _91012080 |
|
| 710 | 2 |
_aIndia. _bDepartment of Atomic Energy. _bAtomic Energy Commission _9849884 |
|
| 710 | 2 |
_aBhaba Atomic Research Center (Mumbai, India) _4pbl |
|
| 887 | _a | ||
| 901 |
_aIOD132568 _b15.09.2000 |
||
| 902 |
_aGP 539.7B469no2000 _003 |
||
| 999 |
_aVIRTUA _c902012 _d902012 |
||
| 942 |
_2ddc _cBKS |
||